Vài suy nghĩ về công tác bảo tồn bảo tàng ở miền núi và vùng đồng bào các dân tộc /

Сохранить в:
Библиографические подробности
Главный автор: Đặng Văn Bài.
Формат: Статья
Язык:Vietnamese
Предметы:
Метки: Добавить метку
Нет меток, Требуется 1-ая метка записи!
Thư viện lưu trữ: Thư viện Trường Đại học Đà Lạt
LEADER 00831nam a2200277 4500
001 DLU090100566
005 ##20091202
040 # # |a DLU  |b vie 
041 # # |a vie 
044 # # |a vn 
100 # # |a Đặng Văn Bài. 
245 # # |a Vài suy nghĩ về công tác bảo tồn bảo tàng ở miền núi và vùng đồng bào các dân tộc /  |c Đặng Văn Bài. 
653 # # |a Bảo tàng 
653 # # |a Bảo tồn 
653 # # |a Dân tộc thiểu số 
653 # # |a Miền núi 
773 # # |t Văn hoá Nghệ thuật  |g Số 1, 1993, tr. 28-31 
920 # # |a Phòng Tạp chí -- Trung tâm Thông tin - Thư viện Trường Đại học Đà Lạt 
994 # # |a DLU 
900 # # |a True 
911 # # |a Đào Thị Thu Huyền 
925 # # |a G 
926 # # |a A 
927 # # |a BB 
980 # # |a Thư viện Trường Đại học Đà Lạt